Kpop Songs Quiz - Statistics

General Stats
  • This quiz has been taken 2,999 times
    2,991 since last reset
  • The average score is 13 of 31
Answer Stats
Hint Answer % Correct
I Need U BTS
95%
CALL ME BABY EXO
94%
Just Right GOT7
83%
Sorry, Sorry Super Junior
82%
Dumb Dumb Red Velvet
81%
Mansae SEVENTEEN
80%
Eyes, Nose, Lips Taeyang
75%
SOBER BIGBANG
74%
Mr. Taxi Girls Generation
67%
Chained Up VIXX
66%
Married To The Music SHINee
64%
Hero MONSTA X
61%
Congratulations DAY6
58%
Bad INFINITE
47%
Face NU'EST
42%
Hide and Seek ASTRO
37%
APOLOGY iKON
34%
Young, Wild & Free B.A.P
30%
Thriller BTOB
30%
Number 9 T-ara
28%
Solo Day B1A4
24%
BABY BABY Winner
24%
Heaven Ailee
16%
OMGT MADTOWN
13%
Hello Hello FTISLAND
10%
Because I'm Stupid SS501
10%
Catch Me UP10TION
6%
Beautiful Lady JONGHYUN
4%
Drawing The Line Royal Pirates
4%
Target ROMEO
2%
What Should I Do? Jang Geun Suk
1%
No matching quizzes found
Score Distribution
Percent of People with Each Score
Percentile by Number Answered
Your Score History
You have not taken this quiz since the last reset